00827nam a22002177a 4500003000500000005001700005008004100022010001100063011001100074035001100085040000900096110012800105245016800233260003800401300002100439490003400460650002700494650002600521650002900547830003300576CHAP20220817044501.0110927s1974 mx r 00010 spa d a102241 a103213 a113902 cCHAP2 aComisión Nacional de Fruticultura. México. Departamentos de Estudios Económicos y de Desarrollo Comercial Frutícola10aProducción, industrialización y comercio de cítricos en Méxicoc/por CONAFRUT. Departamentos de Estudios Económicos y de Desarrollo Comercial Frutícola aMéxico, D.F. :bCONAFRUT,c1974 a25 p. :bcuadros aSerie especial: Folletov; 2414aCítricosxIndustria.14aCítricosxMercadeo.14aCítricosxRendimiento.0 aSerie especial Folletov; 24